Sports Quiz

Random Sports or MLB Quiz
Score 0/109 Timer 16:00
8 Plays Today
% Correct
Alex Rodriguez
93.7%
Ivan Rodriguez
93.3%
Derek Jeter
85.7%
David Ortiz
85.5%
Albert Pujols
81.3%
Barry Bonds
81.2%
Manny Ramirez
78.5%
Hanley Ramirez
78.2%
Aramis Ramirez
78.1%
Mike Piazza
77.1%
Chipper Jones
74.2%
Andruw Jones
74.1%
Sammy Sosa
72.8%
Jim Thome
71.3%
Ken Griffey Jr.
69.2%
Edgar Martinez
68.5%
Victor Martinez
68.4%
Ryan Howard
68.3%
Luis Gonzalez
67.9%
Jorge Posada
67.6%
Orlando Cabrera
67.6%
Frank Thomas
66.3%
Chase Utley
63.6%
Todd Helton
61.6%
Robinson Cano
60.8%
Jason Giambi
60.6%
Jeff Kent
59%
Jimmy Rollins
58.3%
Bernie Williams
58.3%
Derrek Lee
58.1%
Carlos Lee
58.1%
Miguel Tejada
58%
Alfonso Soriano
57.9%
Vladimir Guerrero
57.9%
Carlos Beltran
57.4%
Adam Dunn
56.8%
Craig Biggio
56.2%
% Correct
Carlos Delgado
56.1%
Paul Konerko
55.2%
Adrian Beltre
55%
Mark Teixeira
52.8%
Bengie Molina
52.3%
Jim Edmonds
52.1%
Nomar Garciaparra
51.8%
Scott Rolen
48.9%
Carlos Zambrano
48.1%
Garret Anderson
47.8%
Jason Varitek
47.6%
Rafael Palmeiro
46.7%
Troy Glaus
46.4%
Michael Young
45.8%
Javy Lopez
43.6%
Torii Hunter
42.8%
Johnny Damon
42.1%
Jermaine Dye
41.3%
Carlos Pena
40.9%
Shawn Green
40.7%
Magglio Ordonez
40.4%
Bret Boone
39.6%
Dan Uggla
38.9%
Richie Sexson
38.6%
Brian McCann
37.6%
Jason Bay
36.3%
Mike Hampton
35.8%
Travis Hafner
35.6%
Eric Chavez
35%
Mike Lowell
34.9%
Vernon Wells
34.8%
Bobby Abreu
34.3%
Brandon Phillips
32.8%
Moises Alou
31.8%
Edgar Renteria
31.7%
Brian Giles
31.4%
JD Drew
29.6%
% Correct
Pat Burrell
29.5%
Preston Wilson
29.5%
Ramon Hernandez
27.6%
Livan Hernandez
27.6%
Raul Ibanez
27.6%
AJ Pierzynski
25.5%
Melvin Mora
23.5%
Grady Sizemore
22.8%
Mike Cameron
21.8%
Steve Finley
21.5%
Jose Vidro
20.8%
Carlos Guillen
19.8%
Jose Guillen
19.7%
Richard Hidalgo
19.4%
Placido Polanco
19.3%
Rich Aurilia
18.7%
Jeromy Burnitz
18.6%
Dontrelle Willis
18.5%
Micah Owings
18.4%
Casey Blake
17.6%
Geoff Jenkins
17.1%
Reggie Sanders
16.5%
Tony Batista
16.2%
Cliff Floyd
14.6%
Ellis Burks
14.3%
Hank Blalock
14.2%
Ray Durham
13.6%
Juan Uribe
11.5%
Jose Valentin
11.3%
Jason Schmidt
8.4%
Rod Barajas
7.2%
Miguel Olivo
7.1%
Brad Fullmer
6.7%
Jason LaRue
6.2%
Ronnie Belliard
5.5%
Remove Ads.
Support Sporcle.
Get the best of Sporcle when you Go Orange. This ad-free experience offers more features, more stats, and more fun while also helping to support Sporcle. Thank you for becoming a member.

You're not logged in!

Compare scores with friends on all Sporcle quizzes.
OR
Log In

Show Comments

Extras

Top Quizzes Today


Score Distribution

Your Account Isn't Verified!

In order to create a playlist on Sporcle, you need to verify the email address you used during registration. Go to your Sporcle Settings to finish the process.

Report this User

Report this user for behavior that violates our Community Guidelines.

Details: